Homaxes / (Record no. 12284)
[ view plain ]
| 000 -LEADER | |
|---|---|
| campo de control de longitud fija | 00654nam a2200217 4500 |
| 001 - NÚMERO DE CONTROL | |
| campo de control | 12284 |
| 003 - IDENTIFICADOR DE NÚMERO DE CONTROL | |
| campo de control | ES-MaACL |
| 005 - FECHA Y HORA DE LA ÚLTIMA TRANSACCIÓN | |
| campo de control | 20240625125656.0 |
| 008 - DATOS DE LONGITUD FIJA--INFORMACIÓN GENERAL | |
| campo de control de longitud fija | 000000s1979 sp a ||||0| gao |
| 020 ## - NÚMERO INTERNACIONAL ESTÁNDAR DEL LIBRO | |
| Número Internacional Estándar del Libro | 84-7492-010-8 |
| 080 ## - NÚMERO DE LA CLASIFICACIÓN DECIMAL UNIVERSAL | |
| Número de la Clasificación Decimal Universal | 860-14"19" |
| 080 ## - NÚMERO DE LA CLASIFICACIÓN DECIMAL UNIVERSAL | |
| Número de la Clasificación Decimal Universal | 869.9-14"19" |
| 100 1# - ENTRADA PRINCIPAL--NOMBRE DE PERSONA | |
| Nombre de persona | Varela, Lorenzo. |
| 9 (RLIN) | 113141 |
| 245 10 - MENCIÓN DEL TÍTULO | |
| Título | Homaxes / |
| Mención de responsabilidad, etc. | Lorenzo Varela ; en ed. Cuco-Rei de Luis Seoane. |
| 260 ## - PUBLICACIÓN, DISTRIBUCIÓN, ETC. | |
| Lugar de publicación, distribución, etc. | [Sada (La Coruña)] : |
| Nombre del editor, distribuidor, etc. | Ediciós do Castro, |
| Fecha de publicación, distribución, etc. | 1979. |
| 300 ## - DESCRIPCIÓN FÍSICA | |
| Extensión | 101 p., 2 h : |
| Otras características físicas | il ; |
| Dimensiones | 23 cm. |
| 546 ## - NOTA DE IDIOMA | |
| Nota de lengua/lenguaje | Texto en castellano y gallego. |
| 700 1# - ENTRADA AGREGADA--NOMBRE PERSONAL | |
| Nombre de persona | Seoane, Luis, |
| Fechas asociadas al nombre | 1910-1979 |
| 9 (RLIN) | 155119 |
| 852 ## - LOCALIZACIÓN | |
| Ubicación | ES-MaACL |
| Número de control de estantería | L-19571 |
| Estatus retirado | Estado de pérdida | Estado de daño | No para préstamo | Biblioteca de origen | Biblioteca actual | Ubicación en estantería | Fecha de adquisición | Fuente de adquisición | Total de préstamos | Signatura topográfica completa | Código de barras | Visto por última vez | Precio de reemplazo | Tipo de ítem Koha |
|---|---|---|---|---|---|---|---|---|---|---|---|---|---|---|
| Biblioteca del Ateneo de Madrid | Biblioteca del Ateneo de Madrid | Depósito 2 | 17/01/2008 | L-19571 | 1012518 | 23/02/2023 | 23/02/2023 | Libro impreso |
